=LDR 00000nam 2200000 4500 =001 INLIS000000000810270 =005 20251124100520 =035 ##$$a 0010-1125000124 =007 ta =008 251124###########################0###### =020 ##$$a 9786029715736 =082 ##$$a 297.8 =084 ##$$a 297.8 ABD f =245 ##$$a Fiqih Empat mazhab : $b Rahmatul Ummah fii ikhtilafill Ummah /$c Syaikh Al-'Allamah Muhammad bin Abdurrahman ad Dimasyqi =250 ##$$a Cet. 18 =260 ##$$a Bandung :$b Hasyimi,$c 2017 =300 ##$$a 510 hlm ; $c 24 cm.